000 00953cam a2200241 4500
001 WB3846-20
008 021211n2002 000 0 eng u
035 _a(Sirsi) u120741
245 _aCampaign against stamp duty
260 _c2002
490 _aProperty Week
_v67(48) 6 December 2002, 5(1)
520 _aGovernment publishes draft laws to prevent stamp duty avoidance and proposes a thorough overhaul of the whole system. In the plans the tax will no longer be a document based tax but will capture all property related transfers. Some proposals such as restrictions on the use of special purpose vehicles and reliefs for intergroup transactions will be delayed until next year.
590 _aWB
650 _aSTAMP DUTY
650 _aTAX AVOIDANCE
650 _aBUDGET 2002
650 _aPROPERTY TRANSACTIONS
650 _aANTI-AVOIDANCE
650 _aINCOME TAX
650 _aSELF ASSESSMENT
690 _aTAXATION
942 _n0
999 _c71752
_d71752